Statistics for Logo Quiz

Click here to take the quiz!

General Stats

  • This quiz has been taken 174 times
  • The average score is 10 of 15

Answer Stats

Answer% Correct
ikea
94%
snickers
92%
ghostbusters
82%
the olympics
81%
visa
81%
toy story
79%
playboy
72%
kellogg's
71%
gucci
67%
walmart
67%
the incredibles
65%
mr.clean
57%
blu ray
46%
tiffany&co
36%
reece's
28%

Score Distribution

Percentile by Number Answered

Percent of People with Each Score

Your Score History

You have not taken this quiz